Marketing digital 360°: Implementación práctica: Estrategias habituales y configuraciones avanzadas.
Guardat en:
| Autor principal: | |
|---|---|
| Altres autors: | , |
| Format: | Llibre |
| Publicat: |
Madrid, España:
Anaya Multimedia,
2019.
|
| Col·lecció: | Colección Social Media.
Social Business. |
| Matèries: | |
| Etiquetes: |
Afegir etiqueta
Sense etiquetes, Sigues el primer a etiquetar aquest registre!
|
MARC
| LEADER | 00000nam a22000007a 4500 | ||
|---|---|---|---|
| 003 | CL-VaPUC | ||
| 005 | 20250407202454.0 | ||
| 008 | 250319t2019 ||||| |||| 00| 0 eng d | ||
| 999 | |c 447461 |d 447459 | ||
| 020 | |a 978-84-415-4146-7 | ||
| 040 | |c Pontificia Universidad Católica de Valparaíso | ||
| 082 | |a 658.872 RUI 2019 | ||
| 100 | |9 897117 |a Ruiz Díez, Joseba |e autor | ||
| 245 | |a Marketing digital 360°: |b Implementación práctica: Estrategias habituales y configuraciones avanzadas. | ||
| 260 | |a Madrid, España: |b Anaya Multimedia, |c 2019. | ||
| 300 | |a 295 páginas: |b ilustraciones. | ||
| 490 | |a Colección Social Media. | ||
| 490 | |a Social Business. | ||
| 500 | |a c.1. Instituto Arcos.08-01-2025. | ||
| 583 | |c 20250319 |k Gabriela Rodríguez Cuevas | ||
| 650 | 0 | |9 864747 |a Marketing en Internet |x Planificación estratégica | |
| 650 | 0 | |9 428366 |a Comercio electrónico | |
| 650 | 0 | |9 897113 |a Negocios digitales |x Marketing | |
| 700 | |9 897118 |a Maciá, Fernando |e prólogo | ||
| 700 | |9 897119 |a Moreno, Manuel |e prólogo | ||
| 942 | |2 ddc |c BK |n 0 | ||
| 952 | |0 0 |1 0 |2 ddc |4 0 |6 658_872000000000000_RUI_2019 |7 0 |8 A |9 601517 |a BIBINC |b BIBINC |d 2025-03-19 |e Instituto Arcos |i 5666348 |o 658.872 RUI 2019 |p 5666348 |r 2025-03-19 |t 1 |w 2025-03-19 |y BK |k IFP | ||